000
00289nam a2200133Ia 4500
100
_a
Khanna/O.P.
942
_c
BK
654
_a
metallurgy
245
_a
Material science & metallurgy
260
_b
Dhanpat Rai & Sons
_a
New Delhi
_c
1981
300
_a
75
546
_a
ENGLISH
999
_c
29231
_d
29231